Guru Govind Singh : (Record no. 125007)

MARC details
000 -LEADER
fixed length control field 00748nam a22002297a 4500
005 - DATE AND TIME OF LATEST TRANSACTION
control field 20170124105947.0
010 ## - LIBRARY OF CONGRESS CONTROL NUMBER
LC control number A-953386
020 ## - INTERNATIONAL STANDARD BOOK NUMBER
Terms of availability 300.00
035 ## - SYSTEM CONTROL NUMBER
System control number A-953386
037 ## - SOURCE OF ACQUISITION
Source of stock number/acquisition Cen Lib/Ret
040 ## - CATALOGING SOURCE
Original cataloging agency DPL
Language of cataloging EN
082 ## - DEWEY DECIMAL CLASSIFICATION NUMBER
Classification number 260.35
Item number RAJ
100 ## - MAIN ENTRY--PERSONAL NAME
Personal name Raju, Karam Singh
9 (RLIN) 12663
245 ## - TITLE STATEMENT
Title Guru Govind Singh :
Statement of responsibility, etc by Karam Singh Raju
Remainder of title prophet of peace /
260 ## - PUBLICATION, DISTRIBUTION, ETC. (IMPRINT)
Place of publication, distribution, etc Chandigarh
Name of publisher, distributor, etc Ratna Memorial Chartable Trust
Date of publication, distribution, etc 1999
270 ## - ADDRESS
Address 315, Sector 35-A,
City Chandigarh
Postal code 160022
300 ## - PHYSICAL DESCRIPTION
Extent xx,159p. :
Dimensions 20cm(Hb)
Other physical details col.ill.
500 ## - GENERAL NOTE
General note Includes bibliographical references and index.
650 ## - SUBJECT ADDED ENTRY--TOPICAL TERM
Topical term or geographic name as entry element Gobind Singh, -- Guru, -- 1666-1708.
9 (RLIN) 74255
650 ## - SUBJECT ADDED ENTRY--TOPICAL TERM
Topical term or geographic name as entry element Sikh gurus.
9 (RLIN) 74256
942 ## - ADDED ENTRY ELEMENTS (KOHA)
Source of classification or shelving scheme Dewey Decimal Classification
Koha item type English Books
Classification part 260.35
Call number suffix RAJ
Holdings
Withdrawn status Lost status Damaged status Not for loan Home library Current library Date acquired Source of acquisition Cost, normal purchase price Total Checkouts Full call number Barcode Date last seen Copy number Cost, replacement price Price effective from Koha item type Public note
Written off       Central Library Central Library 19/06/2015 Cen Lib/Ret 300.00   260.35 RAJ A-953386 19/06/2015 1 300.00 19/06/2015 English Books W/d list no. 6837/23

© Delhi Public Library
Hit Counter
free hit counter